The More veg cookbook.

Bibliographic Details
Main Author: Humphries, Carolyn
Format: Book
Published: London: Dorling Kindersley, 2013.
Subjects:
LEADER 00408cam a2200145 7i4500
001 0000032371
005 20150427090000.0
020 0 0 |a 9781409318231  
090 0 0 |a B 641.5636   |b HUM (LRM) 
100 1 0 |a Humphries, Carolyn  
245 1 4 |a The More veg cookbook. 
260 0 0 |a London:   |b Dorling Kindersley,   |c 2013. 
300 # # |a 352 pages. 
650 0 0 |a Vegetarian cooking  
999 |a 0000035978  |b Book  |c Book  |e Business Information Centre